[Event "4NCL/Div3/SWD2 vs. PPA2"]
[Site "Telford ENG"]
[Date "2005.02.26"]
[Round "5.8"]
[White "Sirisena, Chantal"]
[Black "Wilson, Julie"]
[Result "1-0"]
[WhiteElo "1923"]
[BlackElo "1944"]
[PlyCount "117"]
[EventDate "2005.02.26"]
[EventType "team"]
[EventRounds "11"]
[EventCountry "ENG"]
[SourceDate "2004.09.21"]

1. e4 e6 2. d4 d5 3. Nd2 c5 4. exd5 Qxd5 5. Ngf3 cxd4 6. Bc4 Qd6 7. O-O Nf6 8.
Nb3 Nc6 9. Nbxd4 Nxd4 10. Nxd4 Qc7 11. b3 a6 12. Bb2 Bd6 13. Nf3 Bd7 14. Qe2
Bc6 15. h3 O-O 16. Ng5 e5 17. Bd3 Rae8 18. Ne4 Nxe4 19. Bxe4 f5 20. Qc4+ Kh8
21. Bxc6 Qxc6 22. Qxc6 bxc6 23. Rad1 Re6 24. Rd2 Rfe8 25. Rfd1 Bc7 26. Rd7 R6e7
27. Ba3 Rxd7 28. Rxd7 Bb6 29. Rb7 Bd8 30. Ra7 a5 31. Ra6 Kg8 32. Rxc6 e4 33.
Rc8 Kf7 34. Bc1 h6 35. Bd2 Bb6 36. Rxe8 Kxe8 37. Kf1 g5 38. a4 Kd7 39. c3 f4
40. Ke2 Kc6 41. Bc1 Kd5 42. Ba3 Bc7 43. Bf8 h5 {=} 44. f3 Be5 45. b4 Bxc3 46.
bxa5 Bxa5 47. Be7 g4 48. hxg4 hxg4 49. fxg4 Ke5 50. Bh4 Bb6 51. Be1 Kf6 52. a5
Bxa5 53. Bxa5 Kg5 54. Be1 Kxg4 55. Kf1 e3 56. Ke2 Kf5 57. Kf3 Kg5 58. Bb4 Kf5
59. Bd6 1-0

[Event "4NCL/Div3/WES2 vs. 3CS2"]
[Site "Telford ENG"]
[Date "2005.02.26"]
[Round "5.1"]
[White "Hopkins, Jamie R"]
[Black "Firth, Malcolm"]
[Result "1-0"]
[WhiteElo "2152"]
[BlackElo "2130"]
[PlyCount "65"]
[EventDate "2005.02.26"]
[EventType "team"]
[EventRounds "11"]
[EventCountry "ENG"]
[SourceDate "2004.09.21"]

1. b3 f5 2. Bb2 Nf6 3. f4 b6 4. Nf3 Bb7 5. e3 e6 6. Be2 Be7 7. O-O O-O 8. c4
Qe8 9. Nc3 Na6 10. a3 c5 11. Nb5 Qc8 12. Be5 Ne8 13. d3 d6 14. Bb2 Nac7 15.
Nxc7 Qxc7 16. Qd2 Bf6 17. d4 Rd8 18. b4 a6 19. Rad1 d5 20. bxc5 bxc5 21. Bc3
Qc8 22. Ba5 Nc7 23. dxc5 dxc4 24. Nd4 c3 25. Qxc3 Bd5 26. Qb4 Rf7 27. Rc1 Qa8
28. c6 Rb8 29. Qc5 Rb2 30. Bf3 Bxd4 31. Qxd4 Rb5 32. Rc5 Qb8 33. Bxc7 1-0

[Event "4NCL/Div3/WES2 vs. 3CS2"]
[Site "Telford ENG"]
[Date "2005.02.26"]
[Round "5.2"]
[White "Adams, Phil"]
[Black "Rutter, Nicholas"]
[Result "1/2-1/2"]
[WhiteElo "2120"]
[BlackElo "2136"]
[PlyCount "56"]
[EventDate "2005.02.26"]
[EventType "team"]
[EventRounds "11"]
[EventCountry "ENG"]
[SourceDate "2004.09.21"]

1. e4 c5 2. Nf3 Nc6 3. Bb5 Nf6 4. e5 Nd5 5. Nc3 Nc7 6. Bxc6 dxc6 7. h3 Ne6 8.
O-O g6 9. d3 Bg7 10. Re1 O-O 11. Ne4 Qc7 12. Neg5 Nxg5 13. Bxg5 Be6 14. Qe2 Bd5
15. Nd2 Rad8 16. Qe3 b6 17. Bh6 Be6 18. b3 Bc8 19. Nf3 f6 20. Bxg7 Kxg7 21. Re2
f5 22. Qf4 Be6 23. Rae1 h6 24. h4 Bd5 25. Nd2 Kh7 26. g3 Be6 27. Nf3 Bd5 28.
Nd2 Be6 1/2-1/2

[Event "4NCL/Div3/WES2 vs. 3CS2"]
[Site "Telford ENG"]
[Date "2005.02.26"]
[Round "5.3"]
[White "Pleasants, Allan J"]
[Black "English, Ray"]
[Result "1/2-1/2"]
[WhiteElo "2065"]
[BlackElo "2070"]
[PlyCount "20"]
[EventDate "2005.02.26"]
[EventType "team"]
[EventRounds "11"]
[EventCountry "ENG"]
[SourceDate "2004.09.21"]

1. e4 c5 2. Nc3 g6 3. g3 Bg7 4. Bg2 e6 5. Nge2 Nc6 6. d3 Nge7 7. Be3 Nd4 8. O-O
a6 9. Qd2 O-O 10. Nd1 d5 1/2-1/2

[Event "4NCL/Div3/WES2 vs. 3CS2"]
[Site "Telford ENG"]
[Date "2005.02.26"]
[Round "5.4"]
[White "Hickman, Alexander"]
[Black "Gregory, Keith D"]
[Result "1/2-1/2"]
[WhiteElo "2099"]
[BlackElo "2099"]
[PlyCount "31"]
[EventDate "2005.02.26"]
[EventType "team"]
[EventRounds "11"]
[EventCountry "ENG"]
[SourceDate "2004.09.21"]

1. d4 d6 2. c4 e5 3. d5 f5 4. e4 fxe4 5. Nc3 Bf5 6. Nge2 Nf6 7. Ng3 Bg6 8. Bg5
Be7 9. Bxf6 Bxf6 10. Ngxe4 O-O 11. Be2 Bg5 12. Bg4 Na6 13. Be6+ Kh8 14. O-O Bh6
15. a3 Qe7 16. b4 1/2-1/2

[Event "4NCL/Div3/WES2 vs. 3CS2"]
[Site "Telford ENG"]
[Date "2005.02.26"]
[Round "5.5"]
[White "Pym, Thomas W"]
[Black "Siddall, Phil L"]
[Result "1/2-1/2"]
[WhiteElo "2050"]
[BlackElo "2125"]
[PlyCount "36"]
[EventDate "2005.02.26"]
[EventType "team"]
[EventRounds "11"]
[EventCountry "ENG"]
[SourceDate "2004.09.21"]

1. e4 d5 2. exd5 Nf6 3. d4 Nxd5 4. Nf3 g6 5. c4 Nb6 6. Nc3 Bg7 7. c5 Nd5 8. Bc4
c6 9. O-O O-O 10. Re1 Be6 11. Qb3 Nxc3 12. bxc3 Bxc4 13. Qxc4 Nd7 14. Rb1 b5
15. cxb6 axb6 16. a4 e6 17. Ne5 Nxe5 18. dxe5 Qd5 1/2-1/2

[Event "4NCL/Div3/WES2 vs. 3CS2"]
[Site "Telford ENG"]
[Date "2005.02.26"]
[Round "5.6"]
[White "Wright, Jason"]
[Black "Ferrington, Nigel M"]
[Result "0-1"]
[WhiteElo "2062"]
[BlackElo "2125"]
[PlyCount "48"]
[EventDate "2005.02.26"]
[EventType "team"]
[EventRounds "11"]
[EventCountry "ENG"]
[SourceDate "2004.09.21"]

1. e4 c5 2. Nf3 d6 3. d4 Nf6 4. Nc3 cxd4 5. Nxd4 a6 6. f3 Qb6 7. Nb3 e6 8. Qe2
Be7 9. Be3 Qc7 10. O-O-O b5 11. g4 b4 12. Na4 Nfd7 13. Qe1 Nc6 14. Nd4 Rb8 15.
Bc4 Nxd4 16. Rxd4 e5 17. Bb3 exd4 18. Bxd4 Ne5 19. Qg3 O-O 20. f4 Nc6 21. Be3
Na5 22. f5 Nxb3+ 23. axb3 Bd7 24. Nc5 Rfc8 0-1

[Event "4NCL/Div3/WES2 vs. 3CS2"]
[Site "Telford ENG"]
[Date "2005.02.26"]
[Round "5.7"]
[White "Clark, Ian C"]
[Black "Lysons, John"]
[Result "1-0"]
[WhiteElo "2107"]
[BlackElo "1960"]
[PlyCount "65"]
[EventDate "2005.02.26"]
[EventType "team"]
[EventRounds "11"]
[EventCountry "ENG"]
[SourceDate "2004.09.21"]

1. e4 d5 2. exd5 Qxd5 3. Nc3 Qa5 4. d4 c6 5. Nf3 Nf6 6. Be2 Bf5 7. O-O e6 8.
Re1 Bb4 9. Bd2 O-O 10. a3 Bxc3 11. Bxc3 Qc7 12. b3 Nbd7 13. Bb2 Rad8 14. Qc1 h6
15. c4 Ne4 16. Qe3 Ndf6 17. Ne5 Nd7 18. f3 Nef6 19. g4 Bh7 20. Nxd7 Rxd7 21. g5
hxg5 22. Qxg5 Qb6 23. b4 a5 24. Kh1 Bg6 25. Rg1 axb4 26. axb4 Qxb4 27. Ba3 Qc3
28. Bxf8 Kxf8 29. Ra8+ Ke7 30. Rd1 Qc2 31. Qd2 Qf5 32. Qb4+ Rd6 33. Qxb7+ 1-0

[Event "4NCL/Div3/WES2 vs. 3CS2"]
[Site "Telford ENG"]
[Date "2005.02.26"]
[Round "5.8"]
[White "Compston, Michael"]
[Black "Khoo, Selina"]
[Result "0-1"]
[WhiteElo "1835"]
[BlackElo "2073"]
[PlyCount "150"]
[EventDate "2005.02.26"]
[EventType "team"]
[EventRounds "11"]
[EventCountry "ENG"]
[SourceDate "2004.09.21"]

1. e4 c6 2. d4 d5 3. exd5 cxd5 4. c4 Nf6 5. Nc3 e6 6. Nf3 Bb4 7. Bd3 dxc4 8.
Bxc4 O-O 9. O-O Bxc3 10. bxc3 Qc7 11. Qe2 Nbd7 12. Bb2 b6 13. h3 Bb7 14. Bd3
Rac8 15. Rac1 Rfe8 16. Ne5 Nxe5 17. dxe5 Nd7 18. f4 Nc5 19. Bb1 Ba6 20. c4 Rcd8
21. f5 exf5 22. Rxf5 Ne6 23. a3 Qc5+ 24. Qf2 Qxf2+ 25. Rxf2 Nc5 26. Rf4 Nb3 27.
Rc2 Rd1+ 28. Rf1 Rxf1+ 29. Kxf1 Bxc4+ 30. Kf2 Bd3 31. Rc3 Bxb1 32. Rxb3 Bf5 33.
g4 Be6 34. Rc3 Rc8 35. Rd3 Kf8 36. Rd2 Ke8 37. Ke3 Bd7 38. Bd4 Ke7 39. Ra2 Rc4
40. Ke4 Ke6 41. Rd2 Ra4 42. Rd3 Bb5 43. Rc3 Rc4 44. Rb3 Ba4 45. Rb2 Rc2 46. Rb4
Bc6+ 47. Kf4 Bd5 48. Ra4 Rc4 49. Rb4 Rxb4 50. axb4 Bc4 51. h4 Kd5 52. Bc3 Bd3
53. Ke3 Bb1 54. Kf4 {=} Kc4 55. Be1 Kd3 56. g5 Bc2 57. Bf2 {=} a5 58. bxa5 bxa5
59. Bc5 g6 60. Bd6 Bb3 61. Ba3 a4 62. Bd6 Be6 63. Be7 Kc3 64. Ke4 Kb2 65. Bc5
a3 66. Bd4+ Kb1 67. Bc3 a2 68. Kd4 a1=Q 69. Bxa1 Kxa1 70. Kc5 Kb2 71. Kd6 Kc3
72. Ke7 Kd4 73. Kf6 Ke4 74. Kg7 Kxe5 75. Kxh7 Kf5 0-1

[Event "4NCL/Div3/CAMB1 vs. GUI3"]
[Site "Telford ENG"]
[Date "2005.02.26"]
[Round "5.1"]
[White "Mah, Karl C C"]
[Black "Granat, Russell G"]
[Result "1-0"]
[WhiteElo "2425"]
[BlackElo "2262"]
[PlyCount "49"]
[EventDate "2005.02.26"]
[EventType "team"]
[EventRounds "11"]
[EventCountry "ENG"]
[SourceDate "2004.09.21"]

1. Nf3 d5 2. d4 Bf5 3. c4 e6 4. Nc3 Nc6 5. Bf4 Nf6 6. e3 Bb4 7. Be2 Ne4 8. Qb3
O-O 9. cxd5 exd5 10. O-O Bxc3 11. bxc3 Rb8 12. Rfc1 g5 13. Bg3 h5 14. c4 h4 15.
Bxc7 Qxc7 16. cxd5 h3 17. g3 Qa5 18. dxc6 bxc6 19. Qc2 Nxg3 20. Bd3 Qd5 21.
Bxf5 Nxf5 22. e4 Nxd4 23. exd5 Nxc2 24. Rxc2 g4 25. Ne5 1-0

[Event "4NCL/Div3/CAMB1 vs. GUI3"]
[Site "Telford ENG"]
[Date "2005.02.26"]
[Round "5.2"]
[White "Abayasekera, Roger"]
[Black "Dearing, Eddie"]
[Result "1/2-1/2"]
[WhiteElo "2210"]
[BlackElo "2408"]
[PlyCount "54"]
[EventDate "2005.02.26"]
[EventType "team"]
[EventRounds "11"]
[EventCountry "ENG"]
[SourceDate "2004.09.21"]

1. Nf3 d6 2. d4 Bg4 3. e4 Nf6 4. Nc3 e6 5. Be2 Be7 6. O-O O-O 7. Be3 c6 8. d5
cxd5 9. exd5 e5 10. Nd2 Bf5 11. f3 Nbd7 12. Nde4 Ne8 13. a4 Bg6 14. a5 f5 15.
Nd2 Bg5 16. Nc4 Bxe3+ 17. Nxe3 Nc7 18. Nc4 Nf6 19. f4 e4 20. Ne3 Qd7 21. Qd4
Bf7 22. Ra3 Rfc8 23. Rb3 Na6 24. Bb5 Qd8 25. Bxa6 bxa6 26. Nxf5 Bg6 27. Ne3
Qxa5 1/2-1/2

[Event "4NCL/Div3/CAMB1 vs. GUI3"]
[Site "Telford ENG"]
[Date "2005.02.26"]
[Round "5.3"]
[White "Alfred, Nathan S W"]
[Black "Anderton, Matthew N"]
[Result "1-0"]
[WhiteElo "2338"]
[BlackElo "2233"]
[PlyCount "51"]
[EventDate "2005.02.26"]
[EventType "team"]
[EventRounds "11"]
[EventCountry "ENG"]
[SourceDate "2004.09.21"]

1. d4 Nf6 2. Nf3 c5 3. d5 e6 4. Nc3 b5 5. dxe6 fxe6 6. Nxb5 Qa5+ 7. Nc3 d5 8.
e3 Bd6 9. Bd2 Qb6 10. Na4 Qc6 11. c4 O-O 12. Rc1 Ne4 13. Nc3 Nxd2 14. Qxd2 d4
15. Nb5 e5 16. exd4 exd4 17. Nxd6 Qxd6 18. Be2 Nc6 19. O-O Bb7 20. Ne1 Rae8 21.
f4 Re3 22. Bf3 Kh8 23. Nd3 Qg6 24. Nxc5 Rxf3 25. Rxf3 Ne5 26. Rg3 1-0

[Event "4NCL/Div3/CAMB1 vs. GUI3"]
[Site "Telford ENG"]
[Date "2005.02.26"]
[Round "5.4"]
[White "Singleton, Michael"]
[Black "Moskovic, David M"]
[Result "1-0"]
[WhiteElo "2126"]
[BlackElo "2284"]
[PlyCount "59"]
[EventDate "2005.02.26"]
[EventType "team"]
[EventRounds "11"]
[EventCountry "ENG"]
[SourceDate "2004.09.21"]

1. d4 Nf6 2. c4 g6 3. Nc3 Bg7 4. e4 d6 5. Be2 O-O 6. Bg5 Na6 7. Qd2 e5 8. d5
Qe8 9. h4 Nc5 10. f3 Nh5 11. g4 Nf4 12. Nh3 f5 13. Nxf4 exf4 14. gxf5 gxf5 15.
Rg1 Kh8 16. Bxf4 fxe4 17. Rxg7 Nd3+ 18. Bxd3 exd3+ 19. Ne4 Kxg7 20. O-O-O Rxf4
21. Qxf4 Qg6 22. h5 Qf5 23. Rg1+ Kh8 24. Qh6 Qf7 25. Qe3 Qe7 26. Qd4+ Qe5 27.
Ng5 Kg8 28. Ne6+ Kh8 29. Nd8 d2+ 30. Kd1 1-0

[Event "4NCL/Div3/CAMB1 vs. GUI3"]
[Site "Telford ENG"]
[Date "2005.02.26"]
[Round "5.5"]
[White "Conlon, Joe"]
[Black "Punnett, Alan K"]
[Result "1/2-1/2"]
[WhiteElo "2207"]
[BlackElo "2120"]
[PlyCount "72"]
[EventDate "2005.02.26"]
[EventType "team"]
[EventRounds "11"]
[EventCountry "ENG"]
[SourceDate "2004.09.21"]

1. e4 e6 2. d4 d5 3. Nc3 Nf6 4. Bg5 Bb4 5. e5 h6 6. Bd2 Bxc3 7. bxc3 Ne4 8. Bd3
Nxd2 9. Qxd2 c5 10. f4 Nc6 11. Nf3 Qa5 12. c4 dxc4 13. Bxc4 Qxd2+ 14. Kxd2 Nxd4
15. Nxd4 cxd4 16. Kd3 Ke7 17. Kxd4 Rd8+ 18. Ke3 Bd7 19. h4 g6 20. h5 Rg8 21. g3
g5 22. Rhg1 Rg7 23. Rab1 Bc6 24. f5 exf5 25. Rgf1 f4+ 26. gxf4 gxf4+ 27. Rxf4
Rd8 28. Rbf1 Bd5 29. Bxd5 Rxd5 30. Ke4 Ra5 31. Rf6 Rxa2 32. Rxh6 Rxc2 33. Ra1
Re2+ 34. Kf4 Rgg2 35. Rxa7 Rgf2+ 36. Kg3 Rg2+ 1/2-1/2

[Event "4NCL/Div3/CAMB1 vs. GUI3"]
[Site "Telford ENG"]
[Date "2005.02.26"]
[Round "5.6"]
[White "Cullen, Anthony P"]
[Black "Garner, David"]
[Result "1/2-1/2"]
[WhiteElo "2125"]
[BlackElo "2191"]
[PlyCount "166"]
[EventDate "2005.02.26"]
[EventType "team"]
[EventRounds "11"]
[EventCountry "ENG"]
[SourceDate "2004.09.21"]

1. e4 e6 2. d4 d5 3. e5 c5 4. c3 Nc6 5. Nf3 Bd7 6. Be2 f6 7. exf6 Nxf6 8. O-O
cxd4 9. cxd4 Bd6 10. Nc3 O-O 11. Bg5 Be8 12. Re1 Qd7 13. Bh4 Bg6 14. Bg3 Bxg3
15. hxg3 Ne4 16. Bd3 Nxc3 17. bxc3 Qf7 18. Qc2 Bxd3 19. Qxd3 h6 20. Rab1 b6 21.
Rb2 Rae8 22. Ne5 Nxe5 23. Rxe5 Qd7 24. Rbe2 Rf6 25. c4 dxc4 26. Qxc4 Rc8 27.
Qb3 Qxd4 28. Rxe6 Rc1+ 29. Kh2 Kh7 30. Rxf6 Qxf6 31. Re8 Rc6 32. Qg8+ Kg6 33.
Re4 h5 34. Qe8+ Kh6 35. f4 Qg6 36. Qe5 Rf6 37. Qd5 Qf7 38. Qg5+ Kh7 39. a4 Rg6
40. Qe5 Rf6 41. Qb8 g6 42. Re8 Qg7 43. Qd8 Rf7 44. Re6 Rf8 45. Qd3 Rf5 46. Qe4
Kh6 47. Re7 Rf7 48. Re5 Qf6 49. Rg5 Re7 50. Qd3 Rc7 51. Qe4 Rd7 52. Qe8 Rd4 53.
Rxg6+ Qxg6 54. Qh8+ Qh7 55. Qxd4 Qf7 56. Qe5 Qg6 57. f5 Qg7 58. f6 Qf7 59. Qf5
Qh7 60. Qf4+ Kg6 61. Qe4+ Kh6 62. Qe8 h4 63. gxh4 Qc7+ 64. Kh3 Qc3+ 65. g3 Qxf6
66. Qe3+ Kg7 67. g4 a6 68. h5 b5 69. axb5 Qf1+ 70. Kh4 axb5 71. h6+ Kg8 72.
Qe6+ Kh7 73. Qe7+ Kxh6 74. g5+ Kg6 75. Qe6+ Kg7 76. Qe7+ Kg8 77. Qe8+ Kg7 78.
Qd7+ Kg8 79. g6 Qf4+ 80. Kh5 Qh2+ 81. Kg5 Qg3+ 82. Kf6 Qf4+ 83. Qf5 Qxf5+
1/2-1/2

[Event "4NCL/Div3/CAMB1 vs. GUI3"]
[Site "Telford ENG"]
[Date "2005.02.26"]
[Round "5.7"]
[White "Pickard, Charles"]
[Black "Hill, David F"]
[Result "0-1"]
[WhiteElo "2155"]
[BlackElo "2071"]
[PlyCount "66"]
[EventDate "2005.02.26"]
[EventType "team"]
[EventRounds "11"]
[EventCountry "ENG"]
[SourceDate "2004.09.21"]

1. c4 e6 2. g3 d5 3. Bg2 Nf6 4. Nf3 Be7 5. O-O c5 6. cxd5 exd5 7. d4 Nc6 8. Nc3
O-O 9. dxc5 Bxc5 10. Na4 Be7 11. Be3 Re8 12. Rc1 Bg4 13. h3 Be6 14. Nc5 Bxc5
15. Rxc5 Ne4 16. Rc1 Qd7 17. Kh2 h5 18. Nd4 Rac8 19. Qa4 h4 20. Rfd1 hxg3+ 21.
fxg3 Nxg3 22. Nxc6 Nf5 23. Qxa7 Qd6+ 24. Kg1 bxc6 25. Bf2 Qe5 26. Rc2 Ra8 27.
Qc5 Rxa2 28. e4 Ng3 29. exd5 Bxd5 30. Re1 Ne4 31. Bxe4 Bxe4 32. Qxe5 Rxe5 33.
Rce2 Rg5+ 0-1

[Event "4NCL/Div3/CAMB1 vs. GUI3"]
[Site "Telford ENG"]
[Date "2005.02.26"]
[Round "5.8"]
[White "Morris, Claire H"]
[Black "Powell, Annie"]
[Result "1/2-1/2"]
[WhiteElo "1910"]
[BlackElo "2026"]
[PlyCount "52"]
[EventDate "2005.02.26"]
[EventType "team"]
[EventRounds "11"]
[EventCountry "ENG"]
[SourceDate "2004.09.21"]

1. e4 c5 2. Nf3 d6 3. d4 cxd4 4. Nxd4 Nf6 5. Nc3 Nc6 6. Be3 Ng4 7. Qd2 Nxe3 8.
Qxe3 Qb6 9. O-O-O Nxd4 10. Qxd4 Qxd4 11. Rxd4 Bd7 12. Bc4 g6 13. e5 Bg7 14. f4
Bc6 15. Re1 O-O 16. Nd5 Bxd5 17. Rxd5 dxe5 18. fxe5 Rac8 19. Bb3 e6 20. Rd7 Rb8
21. c4 Rfd8 22. Rd6 Bf8 23. Rxd8 Rxd8 24. Kc2 Bg7 25. Kc3 b6 26. Ba4 h5 1/2-1/2

[Event "4NCL/Div3/OXF1 vs. GUI3"]
[Site "Telford ENG"]
[Date "2005.02.27"]
[Round "6.1"]
[White "Ozeren, Kemal"]
[Black "Abayasekera, Roger"]
[Result "1/2-1/2"]
[WhiteElo "2292"]
[BlackElo "2210"]
[PlyCount "77"]
[EventDate "2005.02.27"]
[EventType "team"]
[EventRounds "11"]
[EventCountry "ENG"]
[SourceDate "2004.09.21"]

1. d4 Nf6 2. Nf3 e6 3. e3 b6 4. Bd3 Bb7 5. c4 d5 6. cxd5 exd5 7. Nc3 Bd6 8. O-O
O-O 9. b3 a6 10. Bb2 Nbd7 11. Rc1 Qe7 12. Qc2 c5 13. Ne2 Rac8 14. Qb1 Ne4 15.
Qa1 f5 16. Ne5 Rce8 17. f3 Nef6 18. f4 Ne4 19. Nc3 Ndf6 20. Na4 cxd4 21. Bxd4
b5 22. Nc3 Rc8 23. Ne2 Rxc1 24. Rxc1 Rc8 25. a4 Rxc1+ 26. Qxc1 bxa4 27. bxa4
Qc7 28. Qxc7 Bxc7 29. Bb2 g6 30. Nd4 Bb6 31. Kf1 Kf8 32. Ke2 Ke7 33. Nb3 Nd7
34. Ba3+ Ke8 35. Nxd7 Kxd7 36. Bxe4 dxe4 37. Kd2 Bd5 38. Nc5+ Bxc5 39. Bxc5
1/2-1/2

[Event "4NCL/Div3/OXF1 vs. GUI3"]
[Site "Telford ENG"]
[Date "2005.02.27"]
[Round "6.2"]
[White "Granat, Russell G"]
[Black "Savage, Ben D"]
[Result "1/2-1/2"]
[WhiteElo "2262"]
[BlackElo "2300"]
[PlyCount "43"]
[EventDate "2005.02.27"]
[EventType "team"]
[EventRounds "11"]
[EventCountry "ENG"]
[SourceDate "2004.09.21"]

1. e4 c5 2. Nf3 Nc6 3. d4 cxd4 4. Nxd4 Nf6 5. Nc3 e5 6. Nf3 Bb4 7. Bc4 Bxc3+ 8.
bxc3 Qa5 9. Qd3 Nxe4 10. Qxe4 Qxc3+ 11. Ke2 Qxa1 12. Bh6 Nd4+ 13. Kd3 Qxh1 14.
Bxf7+ Kxf7 15. Nxe5+ Kg8 16. Qxd4 Qf1+ 17. Kd2 Qa6 18. Nc6 gxh6 19. Qg4+ Kf8
20. Qf5+ Kg7 21. Qe5+ Kg8 22. Qe8+ 1/2-1/2

[Event "4NCL/Div3/OXF1 vs. GUI3"]
[Site "Telford ENG"]
[Date "2005.02.27"]
[Round "6.3"]
[White "Rawlinson, Aidan"]
[Black "Anderton, Matthew N"]
[Result "0-1"]
[WhiteElo "2179"]
[BlackElo "2233"]
[PlyCount "46"]
[EventDate "2005.02.27"]
[EventType "team"]
[EventRounds "11"]
[EventCountry "ENG"]
[SourceDate "2004.09.21"]

1. e4 e6 2. d4 d5 3. Nc3 Bb4 4. e5 c5 5. a3 Bxc3+ 6. bxc3 Qc7 7. Qg4 f5 8. Qh5+
g6 9. Qd1 Bd7 10. a4 Nc6 11. Nf3 cxd4 12. cxd4 Nb4 13. Bd3 Qc3+ 14. Bd2 Nxd3+
15. Ke2 Nc1+ 16. Qxc1 Qc4+ 17. Ke3 Nh6 18. h3 f4+ 19. Kxf4 Nf5 20. c3 O-O 21.
Kg4 h5+ 22. Kg5 Qc7 23. h4 Nd6 0-1

[Event "4NCL/Div3/OXF1 vs. GUI3"]
[Site "Telford ENG"]
[Date "2005.02.27"]
[Round "6.4"]
[White "Allinson, Julian"]
[Black "Smallbone, Kieran"]
[Result "1/2-1/2"]
[WhiteElo "2107"]
[BlackElo "2170"]
[PlyCount "120"]
[EventDate "2005.02.27"]
[EventType "team"]
[EventRounds "11"]
[EventCountry "ENG"]
[SourceDate "2004.09.21"]

1. d4 d5 2. Nf3 Nf6 3. c4 c6 4. Qc2 dxc4 5. e4 b5 6. b3 cxb3 7. axb3 e6 8. Bd2
Bb7 9. Ba5 Qc8 10. Nbd2 Be7 11. b4 O-O 12. Bd3 h6 13. O-O Nbd7 14. Rac1 Qb8 15.
Rfe1 e5 16. d5 cxd5 17. Bc7 Qe8 18. exd5 Nxd5 19. Bxb5 Rc8 20. Qa4 Rxc7 21.
Rxc7 Nxc7 22. Bxd7 Qa8 23. Rxe5 Nd5 24. b5 Bf6 25. Re1 Nb6 26. Qg4 Nxd7 27.
Qxd7 Rd8 28. Qc7 Rd3 29. h3 g6 30. Qc4 Qd8 31. Re8+ {=} Qxe8 32. Qxd3 Kg7 33.
Qe3 Qxe3 34. fxe3 Bd8 35. Kf2 Bd5 36. Ke2 f5 37. Kd3 Kf6 38. e4 Bb7 39. exf5
Kxf5 40. Nd4+ Ke5 41. Nc4+ Kf6 42. Nc6 Bxc6 43. bxc6 Ke6 44. Kd4 a5 45. Kc5 a4
46. Na3 Ke5 47. Nb5 Kf4 48. Kd6 Kg3 49. Kd7 Bb6 50. Na3 Kxg2 51. h4 Kg3 52. Nc4
Kxh4 53. Nxb6 a3 54. c7 a2 55. c8=Q a1=Q 56. Qc4+ Kg5 57. Qc5+ Kg4 58. Qc4+ Kh5
59. Qe2+ Kg5 60. Qe3+ Kh5 1/2-1/2

[Event "4NCL/Div3/OXF1 vs. GUI3"]
[Site "Telford ENG"]
[Date "2005.02.27"]
[Round "6.5"]
[White "Coleman, James"]
[Black "Singleton, Michael"]
[Result "0-1"]
[WhiteElo "2225"]
[BlackElo "2126"]
[PlyCount "88"]
[EventDate "2005.02.27"]
[EventType "team"]
[EventRounds "11"]
[EventCountry "ENG"]
[SourceDate "2004.09.21"]

1. d4 Nf6 2. Bg5 c5 3. Bxf6 gxf6 4. d5 Qb6 5. Qc1 f5 6. g3 Rg8 7. Nd2 Bg7 8. c3
d6 9. Bg2 Nd7 10. Nh3 Bh6 11. f4 Nf6 12. O-O Bd7 13. Nf2 Bxf4 14. gxf4 Nxd5 15.
Nf3 c4 16. Kh1 Rxg2 17. Kxg2 Ne3+ 18. Kh1 O-O-O 19. Rg1 Bc6 20. Qd2 h5 21. Qd4
e5 22. Qxb6 axb6 23. Rg5 f6 24. Rg6 Re8 25. h3 exf4 26. Kh2 Nc2 27. Rf1 Rxe2
28. Nd4 Nxd4 29. cxd4 Rxb2 30. Kg1 Rxa2 31. Re1 b5 32. d5 Bxd5 33. Rxf6 Kc7 34.
Rxf5 Kc6 35. Rxf4 b4 36. Rd4 Kc5 37. Red1 Bf3 38. Ne4+ Bxe4 39. Rxe4 b3 40.
Red4 Kb4 41. Rxd6 b2 42. Rb6+ Kc3 43. Rxb7 Ra1 44. Rf1 Kc2 0-1

[Event "4NCL/Div3/OXF1 vs. GUI3"]
[Site "Telford ENG"]
[Date "2005.02.27"]
[Round "6.6"]
[White "Andersson, Frans"]
[Black "Starkie, Ray"]
[Result "0-1"]
[WhiteElo "2103"]
[BlackElo "2090"]
[PlyCount "66"]
[EventDate "2005.02.27"]
[EventType "team"]
[EventRounds "11"]
[EventCountry "ENG"]
[SourceDate "2004.09.21"]

1. d4 d5 2. Nf3 Nc6 3. g3 Bg4 4. Bg2 Qd7 5. O-O O-O-O 6. Bf4 f6 7. Nbd2 g5 8.
Be3 e5 9. c3 e4 10. Ne1 h5 11. f3 exf3 12. Nexf3 h4 13. Bf2 Bd6 14. e4 hxg3 15.
Bxg3 Bxg3 16. hxg3 Bh3 17. Qe2 Qg4 18. Qf2 Bxg2 19. Qxg2 Rh3 20. Nh2 Qxg3 21.
Qxg3 Rxg3+ 22. Kf2 Rh3 23. Kg2 Rd3 24. Rf2 Nge7 25. Nhf3 Ng6 26. Ne1 Nf4+ 27.
Rxf4 Rxd2+ 28. Rf2 Rxf2+ 29. Kxf2 dxe4 30. Nc2 Rh8 31. Na3 Ne7 32. Ke3 f5 33.
c4 Rh3+ 0-1

[Event "4NCL/Div3/OXF1 vs. GUI3"]
[Site "Telford ENG"]
[Date "2005.02.27"]
[Round "6.7"]
[White "Duggan, Chris"]
[Black "Cullen, Anthony P"]
[Result "1/2-1/2"]
[WhiteElo "2114"]
[BlackElo "2125"]
[PlyCount "108"]
[EventDate "2005.02.27"]
[EventType "team"]
[EventRounds "11"]
[EventCountry "ENG"]
[SourceDate "2004.09.21"]

1. e4 e6 2. d4 d5 3. Nc3 Bb4 4. e5 c5 5. Bd2 Ne7 6. Nb5 Bxd2+ 7. Qxd2 O-O 8. f4
a6 9. Nd6 cxd4 10. Nf3 Nbc6 11. Nxd4 Nxd4 12. Qxd4 Nc6 13. Qe3 f6 14. O-O-O
fxe5 15. fxe5 b5 16. Be2 Bd7 17. Rhf1 Qh4 18. h3 Qh6 19. Qxh6 gxh6 20. Rfe1
Nxe5 21. Bxb5 axb5 22. Rxe5 Rxa2 23. Re3 Ra6 24. Nb7 Ra1+ 25. Kd2 Rf2+ 26. Re2
Rxe2+ 27. Kxe2 Rxd1 28. Kxd1 Kf8 29. b4 Ke7 30. c3 Kf6 31. Ke2 e5 32. Ke3 h5
33. h4 Kf5 34. Nc5 Bc6 35. Kf2 d4 36. cxd4 exd4 37. g3 Be4 38. Ke2 Ke5 39. Nd7+
Ke6 40. Nc5+ Kd5 41. Kd2 Bf5 42. Nb7 Bc8 43. Na5 Bf5 44. Ke2 Ke4 45. Nb7 d3+
46. Kd2 Kd4 47. Nd6 Bd7 48. Nf7 Be6 49. Nd6 Bc4 50. Nf5+ Ke4 51. Nd6+ Ke5 52.
Nc8 Kf5 53. Nd6+ Ke5 54. Nc8 Kf5 1/2-1/2

[Event "4NCL/Div3/OXF1 vs. GUI3"]
[Site "Telford ENG"]
[Date "2005.02.27"]
[Round "6.8"]
[White "Morris, Claire H"]
[Black "Partington, Anna G"]
[Result "0-1"]
[WhiteElo "1910"]
[BlackElo "2064"]
[PlyCount "60"]
[EventDate "2005.02.27"]
[EventType "team"]
[EventRounds "11"]
[EventCountry "ENG"]
[SourceDate "2004.09.21"]

1. e4 c6 2. d4 d5 3. exd5 cxd5 4. Nc3 g6 5. Bf4 a6 6. Qf3 Nf6 7. h3 Nc6 8.
O-O-O Bg7 9. g4 h6 10. Bg2 Be6 11. Nge2 Qa5 12. Qg3 Rc8 13. Be5 b5 14. Bxf6
Bxf6 15. Nxd5 Qxa2 16. Nxf6+ exf6 17. d5 Nb4 18. Nc3 Qa1+ 19. Kd2 Qxb2 20. Rc1
O-O 21. Be4 Bxd5 22. Nxd5 Qd4+ 23. Bd3 Nxd5 24. Rhe1 Nb4 25. Qe3 Qc3+ 26. Kd1
Rfd8 27. Qd2 Nxd3 28. cxd3 Qxc1+ 29. Qxc1 Rxc1+ 30. Kxc1 Rxd3 0-1

[Event "4NCL/Div3/3CS2 vs. CAMB1"]
[Site "Telford ENG"]
[Date "2005.02.27"]
[Round "6.1"]
[White "Jaunooby, Ali Reza"]
[Black "Dearing, Eddie"]
[Result "0-1"]
[WhiteElo "2205"]
[BlackElo "2408"]
[PlyCount "76"]
[EventDate "2005.02.27"]
[EventType "team"]
[EventRounds "11"]
[EventCountry "ENG"]
[SourceDate "2004.09.21"]

1. d4 Nf6 2. c4 e6 3. Nc3 Bb4 4. Bg5 c5 5. d5 Bxc3+ 6. bxc3 d6 7. f3 h6 8. Bh4
e5 9. e4 Nbd7 10. Bf2 g5 11. h4 Rg8 12. Qd2 Nf8 13. h5 Qa5 14. g4 N8d7 15. Bd3
Nb6 16. Ne2 Bd7 17. O-O Kd8 18. Rfb1 {=} Kc7 19. Ng3 Na4 20. Rb3 Rgb8 21. Ra3
a6 22. Nf5 Bxf5 23. exf5 b5 24. Bc2 Nd7 25. Be1 Kc8 26. Qd1 Qc7 27. Rb1 Nab6
28. cxb5 axb5 29. Rxa8 Rxa8 30. Rxb5 Rxa2 31. Bb3 Ra3 32. c4 Qa7 33. Bc3 Nxc4
34. Qd3 Na5 35. Bc4 Nxc4 36. Qxc4 Nb6 37. Rxc5+ Kd8 38. Qe4 Nd7 0-1